000 00812nam a22002897a 4500
003 CHAP
005 20220817041618.0
008 971013c19731968 r 00010 d
010 _a19716
011 _a20688
035 _a24776
040 _cCHAP
082 _a080
_bS46 v.83
100 0 0 _aAndersen, Hans Christian.
_95548
245 _aCuentos
260 _aMéxico, D.F., :
_bPorrúa,
_c1973(c.1968)
300 _a222 p
490 _aSepan Cuántos
_v; 83
590 _aBATCH-UPD
_b10
_c20130110
_lUCH01
_h0034
590 _aBATCH-UPD
_b10
_c20130110
_lUCH01
_h1822
590 _aCONVERSION
_b10
_c20130109
_lUCH01
_h1312
650 1 4 _aLiteratura infantil.
_967132
830 0 _aSepan cuantos
_v; 83
901 _aBK
942 _cLIBRO
949 _a080 S46 v.83
_bBC
_cLIBRO
_d-57185
_eLIBRO
_h30430
_i24776
_si
999 _c19716
_d19716